[Event "Staufer op 33rd"]
[Site "Schwaebisch Gmuend"]
[Date "2023.01.03"]
[Round "4"]
[White "Schulze, Lara"]
[Black "Schoenwaelder, Bernd"]
[Result "1-0"]
[WhiteElo "2281"]
[BlackElo "2013"]
[PlyCount "81"]
[EventDate "2023.01.02"]
[EventType "swiss"]
[EventRounds "9"]
[EventCountry "GER"]
[SourceTitle "CBM 212 Extra"]
[Source "ChessBase"]
[SourceDate "2023.03.31"]
[SourceVersion "1"]
[SourceVersionDate "2023.03.31"]
[SourceQuality "1"]

1. e4 d5 2. exd5 Nf6 3. d4 Nxd5 4. Nf3 Bf5 5. Be2 e6 6. 0-0 Be7 7. a3 0-0 8. c4 Nb6 9. Nc3 N8d7 10. c5 Nc8 11. Bf4 c6 12. b4 a6 13. Qb3 Nf6 14. a4 Nd5 15. Nxd5 Qxd5 16. Qxd5 exd5 17. b5 axb5 18. axb5 Rxa1 19. Rxa1 Bf6 20. Ne5 Bxe5 21. Bxe5 Re8 22. Kf1 f6 23. Bc7 Bd7 24. b6 Ne7 25. Ra7 Bc8 26. g4 Ng6 27. f3 Nf8 28. Bd6 Ne6 29. Ra4 g5 30. Bd3 Ng7 31. Kf2 f5 32. h3 Kf7 33. Ra7 Kg6 34. Be5 Kf7 35. Bxg7 Kxg7 36. Bxf5 Bxf5 37. Rxb7+ Kf6 38. gxf5 Kxf5 39. Rxh7 Ra8 40. Rf7+ Ke6 41. Ra7 1-0

[Event "Dresden ZMD op 23rd"]
[Site "Dresden"]
[Date "2014.08.17"]
[Round "3"]
[White "Renger, Niklas"]
[Black "Schoenwaelder, Bernd"]
[Result "1-0"]
[WhiteElo "1821"]
[BlackElo "2101"]
[PlyCount "59"]
[EventDate "2014.08.15"]
[EventType "swiss"]
[EventRounds "9"]
[EventCountry "GER"]
[SourceTitle "CBM 161 Extra"]
[Source "ChessBase"]
[SourceDate "2014.08.29"]
[SourceVersion "1"]
[SourceVersionDate "2014.08.29"]
[SourceQuality "1"]

1. e4 e6 2. d4 b6 3. Nf3 Bb7 4. Bd3 Nf6 5. Qe2 Be7 6. 0-0 c5 7. c3 Nc6 8. a3 a5 9. Re1 d5 10. exd5 Qxd5 11. c4 Qh5 12. Nc3 Nxd4 13. Nxd4 cxd4 14. Qxh5 Nxh5 15. Nb5 0-0-0 16. Be2 Nf6 17. Bf4 Rd7 18. Red1 Bc5 19. b4 axb4 20. axb4 Bxb4 21. Ra7 d3 22. Rxd3 Rxd3 23. Bxd3 Rd8 24. Be2 Ne8 25. h3 Nd6 26. Bf3 Bxf3 27. Rc7+ Kb8 28. gxf3 Nxb5 29. cxb5 Rf8 30. Rc4+ 1-0

[Event "Seebach op 16th"]
[Site "Grossenseebach"]
[Date "2005.05.27"]
[Round "3"]
[White "Schoenwaelder, Bernd"]
[Black "Wittmann, Helmut"]
[Result "1-0"]
[WhiteElo "2122"]
[BlackElo "2112"]
[PlyCount "75"]
[EventDate "2005.05.26"]
[EventType "swiss"]
[EventRounds "7"]
[EventCountry "GER"]
[SourceTitle "EXT 2018"]
[Source "ChessBase"]
[SourceDate "2017.10.13"]
[SourceVersion "1"]
[SourceVersionDate "2017.10.13"]
[SourceQuality "1"]

1. b4 c6 2. e3 e5 3. Bb2 Bxb4 4. Bxe5 Nf6 5. Nf3 0-0 6. Be2 d5 7. 0-0 Ne4 8. d3 Nc5 9. c3 Ba5 10. Nbd2 Re8 11. Nb3 Na4 12. Rc1 Nd7 13. Nxa5 Qxa5 14. Bc7 Qxc7 15. Qxa4 Nf6 16. c4 dxc4 17. dxc4 c5 18. Nd2 Bd7 19. Qc2 Ng4 20. Bxg4 Bxg4 21. f3 Bd7 22. e4 b5 23. cxb5 Bxb5 24. Rfd1 Rac8 25. Nc4 Re6 26. Ne3 Qa5 27. Rd5 c4 28. Rb1 a6 29. a4 Qxa4 30. Qc3 Be8 31. Nf5 f6 32. Rb7 Kh8 33. Nxg7 Rec6 34. Nxe8 Rxe8 35. Rdd7 Rb6 36. Rxh7+ Kg8 37. Rhg7+ Kf8 38. Rbf7# 1-0

[Event "Nettetal Chessgate op"]
[Site "Nettetal"]
[Date "2004.08.15"]
[Round "9"]
[White "Beltz, Franziska"]
[Black "Schoenwaelder, Bernd"]
[Result "0-1"]
[WhiteElo "1967"]
[BlackElo "2004"]
[PlyCount "74"]
[EventDate "2004.08.07"]
[EventType "swiss"]
[EventRounds "9"]
[EventCountry "GER"]
[SourceTitle "EXT 2006"]
[Source "ChessBase"]
[SourceDate "2005.11.24"]
[SourceVersion "1"]
[SourceVersionDate "2005.11.24"]
[SourceQuality "1"]

1. e4 e6 2. Qe2 c5 3. g3 Nc6 4. c3 d5 5. d3 Nf6 6. Bg2 dxe4 7. dxe4 Ne5 8. Bf1 c4 9. Qc2 Nd3+ 10. Bxd3 cxd3 11. Qa4+ Bd7 12. Qc4 Nxe4 13. Qxd3 Bc6 14. Qxd8+ Rxd8 15. f3 Nc5 16. Nd2 Nd3+ 17. Ke2 g6 18. Nh3 Bh6 19. Rd1 Nxc1+ 20. Raxc1 Bxd2 21. Rxd2 Bxf3+ 22. Ke3 Rxd2 23. Kxd2 Ke7 24. Ng5 Bc6 25. Rf1 f6 26. Nf3 Rd8+ 27. Ke3 Bxf3 28. Rxf3 e5 29. Rf2 f5 30. h4 Ke6 31. Rg2 e4 32. Rg1 Ke5 33. Rg2 h6 34. Rg1 g5 35. hxg5 hxg5 36. Ke2 Rh8 37. Rg2 Rh1 0-1

[Event "Nettetal Chessgate op"]
[Site "Nettetal"]
[Date "2004.08.12"]
[Round "6"]
[White "Schoenwaelder, Bernd"]
[Black "Pittag, Andreas"]
[Result "1-0"]
[WhiteElo "2004"]
[BlackElo "1731"]
[PlyCount "59"]
[EventDate "2004.08.07"]
[EventType "swiss"]
[EventRounds "9"]
[EventCountry "GER"]
[SourceTitle "EXT 2006"]
[Source "ChessBase"]
[SourceDate "2005.11.24"]
[SourceVersion "1"]
[SourceVersionDate "2005.11.24"]
[SourceQuality "1"]

1. b4 d5 2. Bb2 Bg4 3. g3 Nd7 4. Bg2 Nb6 5. d3 Na4 6. Bd4 b5 7. Nf3 f6 8. c3 Nh6 9. Be3 Nf5 10. Bd2 Nd6 11. Nd4 Nb6 12. 0-0 e5 13. Nb3 Qd7 14. Re1 Bh3 15. Bh1 Qf7 16. e4 dxe4 17. Nc5 0-0-0 18. a4 Be7 19. axb5 Nxb5 20. Bxe4 Rd6 21. Na3 Nxa3 22. Rxa3 Rd5 23. Rxa7 Rhd8 24. Qa4 Bxc5 25. Qa6+ Kd7 26. bxc5 Nc8 27. Qb5+ Ke6 28. Qc6+ R5d6 29. cxd6 Nxa7 30. Qd5+ 1-0

[Event "Nettetal Chessgate op"]
[Site "Nettetal"]
[Date "2004.08.11"]
[Round "5"]
[White "Boonen, Piet"]
[Black "Schoenwaelder, Bernd"]
[Result "1-0"]
[WhiteElo "1937"]
[BlackElo "2004"]
[PlyCount "57"]
[EventDate "2004.08.07"]
[EventType "swiss"]
[EventRounds "9"]
[EventCountry "GER"]
[SourceTitle "EXT 2006"]
[Source "ChessBase"]
[SourceDate "2005.11.24"]
[SourceVersion "1"]
[SourceVersionDate "2005.11.24"]
[SourceQuality "1"]

1. e4 e6 2. d4 b6 3. Nf3 Bb7 4. Bd3 Nf6 5. Qe2 d5 6. e5 Ng8 7. 0-0 Nc6 8. c3 Qd7 9. Bb5 Nge7 10. Bg5 h6 11. Bxe7 Bxe7 12. Nbd2 a6 13. Ba4 b5 14. Bc2 Na5 15. b3 Qc6 16. b4 Nc4 17. Nb3 Na3 18. Nc5 g5 19. Bd3 Rd8 20. Nd2 Ba8 21. Ndb3 Qb6 22. Qh5 Bxc5 23. Nxc5 Ke7 24. f4 g4 25. Qh4+ Ke8 26. Qxg4 Ke7 27. Qh4+ Ke8 28. f5 Nc4 29. fxe6 1-0

[Event "Dortmund op-A"]
[Site "Dortmund"]
[Date "2003.08.07"]
[Round "6"]
[White "Schoenwaelder, Bernd"]
[Black "Raabe, Joachim"]
[Result "1-0"]
[WhiteElo "2039"]
[BlackElo "2089"]
[PlyCount "162"]
[EventDate "2003.08.01"]
[EventType "swiss"]
[EventRounds "9"]
[EventCountry "GER"]
[SourceTitle "CBM 095 Extra"]
[Source "ChessBase"]
[SourceDate "2003.09.04"]
[SourceVersion "1"]
[SourceVersionDate "2003.09.04"]
[SourceQuality "1"]

1. b4 e5 2. Bb2 Bxb4 3. Bxe5 Nf6 4. e3 0-0 5. Nf3 Re8 6. Be2 d5 7. 0-0 Nc6 8. Bb2 Bg4 9. d3 Bd6 10. Nbd2 Ne5 11. Nxe5 Bxe2 12. Qxe2 Bxe5 13. d4 Bd6 14. c4 c6 15. cxd5 cxd5 16. Qb5 a6 17. Qb3 Qd7 18. Ba3 Rac8 19. Bxd6 Qxd6 20. Rfc1 Rc7 21. Rc2 h5 22. Rac1 Rec8 23. Nf3 Nd7 24. h3 Nb6 25. Ne5 g6 26. Rxc7 Rxc7 27. Rb1 Nc8 28. a4 Kg7 29. Nd3 a5 30. Nf4 Rd7 31. Rc1 Ne7 32. Rc5 b6 33. Rb5 Qc6 34. g3 Rd6 35. Qb2 f6 36. Qb3 Kh6 37. e4 Qc4 38. Qe3 g5 39. exd5 Nf5 40. Qe4 Qc1+ 41. Kg2 gxf4 42. Qxf5 fxg3 43. fxg3 Qd2+ 44. Qf2 Qg5 45. Qf4 Qxf4 46. gxf4 h4 47. Kf3 f5 48. Rb2 Kg6 49. Ke3 Kf7 50. Kd3 Ke7 51. Kc4 Rg6 52. Re2+ Kd7 53. Re5 Rg3 54. Rxf5 Rxh3 55. Rf7+ Kc8 56. Rh7 Rh1 57. Kb5 h3 58. Kc6 Rc1+ 59. Kxb6 Rc4 60. f5 Rxd4 61. Kc6 Rc4+ 62. Kd6 Rxa4 63. Rxh3 Rf4 64. Ke5 Rf1 65. Ra3 Kd7 66. Rxa5 Re1+ 67. Kf6 Kd6 68. Kf7 Rg1 69. f6 Rg2 70. Kf8 Rg3 71. Ra7 Kxd5 72. Re7 Kd6 73. f7 Ra3 74. Re8 Rg3 75. Rd8+ Ke6 76. Ke8 Rf3 77. f8Q Rxf8+ 78. Kxf8 Ke5 79. Ke7 Ke4 80. Ke6 Kf4 81. Rd4+ Ke3 1-0